Đại Việt thông sử /

Salvato in:
Dettagli Bibliografici
Natura: Sách giấy
Lingua:Vietnamese
Pubblicazione: Đồng Tháp : Tổng Hợp , 1993
Tags: Aggiungi Tag
Nessun Tag, puoi essere il primo ad aggiungerne! !
Thư viện lưu trữ: Thư viện Trường Đại học Đà Lạt
LEADER 00568nam a2200241 4500
001 DLU020013176
005 ##6/8/2000
020 # # |a 978- 
041 # # |a vie 
082 # # |a 959.703  |b LE-D 
090 # # |a 959.703  |b LE-D 
245 # # |a Đại Việt thông sử /  |c Lê Mạnh Liệu, Lê Quý Đôn 
260 # # |a Đồng Tháp :  |b Tổng Hợp ,  |c 1993 
300 # # |a 260 tr.;   |c 22 cm. 
992 # # |a 24000 
994 # # |a DLU 
900 # # |a False 
911 # # |a Administrator 
925 # # |a G 
926 # # |a A 
927 # # |a SH 
980 # # |a Thư viện Trường Đại học Đà Lạt